|
|
|
|
| LEADER |
01292nam a22003132a 4500 |
| 001 |
001749647 |
| 003 |
CZ BrMZK |
| 005 |
20250801083226.0 |
| 007 |
ta |
| 008 |
200519s1961 xr af er|||||||||||fre d |
| 015 |
|
|
|a cnb000688909
|
| 035 |
|
|
|a (OCoLC)19320079
|
| 040 |
|
|
|a ABA001
|b cze
|c OSA001
|d ABA001
|d BOA001
|
| 041 |
1 |
|
|a fre
|h cze
|
| 080 |
|
|
|a 75.056(54)(021)=4:779
|
| 100 |
1 |
|
|a Hájek, Lubor,
|d 1921-2000
|7 jk01033069
|4 aut
|
| 245 |
1 |
4 |
|a Les miniatures indiennes :
|b écoles locales /
|c texte de Lubor Hájek ; [z češtiny do francouzštiny] traduit par Jeanne Reverseau ; photographies de Werner Forman
|
| 260 |
|
|
|a Prague :
|b Artia,
|c 1961
|
| 300 |
|
|
|a 135 s., [54] s. barev. obr. příl.
|b il. ;
|c 27 cm
|
| 500 |
|
|
|a Barevné ilustrace frontispice a předsádky
|
| 500 |
|
|
|a Vysvětl. k obr. příl. a il. v textu
|
| 500 |
|
|
|a Dostupné též v digitální podobě v aplikaci Kramerius
|
| 700 |
1 |
|
|a Reverseau, Jeanne
|4 trl
|
| 700 |
1 |
|
|a Forman, Werner,
|d 1921-2010
|7 jk01031570
|4 pht
|
| 856 |
4 |
1 |
|u http://www.digitalniknihovna.cz/mzk/uuid/uuid:e7bdcef0-71b9-11f0-9087-5ef3fc9bb22f
|y Digitalizovaný dokument
|x NDK
|
| 910 |
|
|
|a BOA001
|b 3-0460.868
|
| 990 |
|
|
|a BK
|
| 991 |
|
|
|b 202005
|
| 996 |
6 |
|
|b 2618885100
|c 3-0460.868
|l MZK
|r Sklad / do 1 hodiny
|n 0
|w 001801931
|u 000010
|a 1
|e BOA001
|j MZK50
|s P
|